Genetics and plant breeding / (Record no. 81634)
[ view plain ]
| 000 -LEADER | |
|---|---|
| fixed length control field | 00703nam a2200241 a 4500 |
| 001 - CONTROL NUMBER | |
| control field | 81634 |
| 003 - CONTROL NUMBER IDENTIFIER | |
| rucl marc code | BD-RjUL |
| 005 - DATE AND TIME OF LATEST TRANSACTION | |
| control field | 20231005145007.0 |
| 008 - FIXED-LENGTH DATA ELEMENTS--GENERAL INFORMATION | |
| fixed length control field | 230803s20172005ii ||||| |||| 00| 0 eng d |
| 035 ## - SYSTEM CONTROL NUMBER | |
| System control number | (BD-RjUL)81634 |
| 040 ## - CATALOGING SOURCE | |
| Original cataloging agency | BD-RjUL |
| Language of cataloging | eng |
| Transcribing agency | BD-RjUL |
| 041 ## - LANGUAGE CODE | |
| Language code of text/sound track or separate title | eng |
| 082 ## - DEWEY DECIMAL CLASSIFICATION NUMBER | |
| Edition number | 22 |
| Classification number | 631.5233 |
| Author mark and year | DAG 2017 |
| 100 ## - MAIN ENTRY--PERSONAL NAME | |
| Personal name | Das, L.D. Vijendra |
| 9 (RLIN) | 8206 |
| 245 10 - TITLE STATEMENT | |
| Title | Genetics and plant breeding / |
| Statement of responsibility, etc. | L.D. Vijendra Das |
| 250 ## - EDITION STATEMENT | |
| Edition statement | 2nd rev ed. |
| 260 ## - PUBLICATION, DISTRIBUTION, ETC. (IMPRINT) | |
| Place of publication, distribution, etc. | New Delhi : |
| Name of publisher, distributor, etc. | New Age International P Ltd Publishers, |
| Date of publication, distribution, etc. | 2005, [reprinted 2017] |
| 300 ## - PHYSICAL DESCRIPTION | |
| Pagination | 272 p. : |
| Illustrations | ill.; |
| Size | 25 cm. |
| 500 ## - GENERAL NOTE | |
| General note | Includes index. |
| 650 ## - SUBJECT ADDED ENTRY--TOPICAL TERM | |
| Topical term or geographic name as entry element | Plant breeding |
| 9 (RLIN) | 4174 |
| Topical term or geographic name as entry element | Plant genetics |
| 9 (RLIN) | 8207 |
| 942 ## - ADDED ENTRY ELEMENTS (KOHA) | |
| Source of classification or shelving scheme | Dewey Decimal Classification |
| Koha item type | Books |
| Lost status | Source of classification or shelving scheme | Damaged status | Not for loan | Collection code | Permanent Location | Current Location | Shelving location | Date acquired | Source of acquisition | Cost, normal purchase price | Total Checkouts | Full call number | Date last seen | Copy number | Koha item type |
|---|---|---|---|---|---|---|---|---|---|---|---|---|---|---|---|
| Dewey Decimal Classification | Not For Loan | Non-fiction | Central Library, University of Rajshahi | Central Library, University of Rajshahi | Reading Room | 23/05/2023 | Dhaka: Omni Concept | 750.00 | 631.5233 DAG 2017 | 03/08/2023 | C-1 | Books | |||
| Dewey Decimal Classification | Non-fiction | Central Library, University of Rajshahi | Central Library, University of Rajshahi | General Stacks | 23/05/2023 | Dhaka: Omni Concept | 750.00 | 631.5233 DAG 2017 | 03/08/2023 | C-2 | Books | ||||
| Dewey Decimal Classification | Non-fiction | Central Library, University of Rajshahi | Central Library, University of Rajshahi | General Stacks | 03/08/2023 | Dhaka: Omni Concept | 437.50 | 631.5233 DAG 2017 | 05/10/2023 | C-3 | Books | ||||
| Dewey Decimal Classification | Non-fiction | Central Library, University of Rajshahi | Central Library, University of Rajshahi | General Stacks | 03/08/2023 | Dhaka: Omni Concept | 437.50 | 631.5233 DAG 2017 | 05/10/2023 | C-4 | Books | ||||
| Dewey Decimal Classification | Non-fiction | Central Library, University of Rajshahi | Central Library, University of Rajshahi | General Stacks | 03/08/2023 | Dhaka: Omni Concept | 437.50 | 631.5233 DAG 2017 | 05/10/2023 | C-5 | Books | ||||
| Dewey Decimal Classification | Non-fiction | Central Library, University of Rajshahi | Central Library, University of Rajshahi | General Stacks | 03/08/2023 | Dhaka: Omni Concept | 437.50 | 631.5233 DAG 2017 | 05/10/2023 | C-6 | Books | ||||
| Dewey Decimal Classification | Non-fiction | Central Library, University of Rajshahi | Central Library, University of Rajshahi | General Stacks | 03/08/2023 | Dhaka: Omni Concept | 437.50 | 631.5233 DAG 2017 | 05/10/2023 | C-7 | Books |